000 00837cam a22002411 4500
001 9666604
003 ARRUPE
005 20150826090443.0
008 751016s1924 xx 001 0 eng
010 _a 24013693
035 _a(OCoLC)1708429
040 _aDLC
_cPPiD
_dDLC
042 _apremarc
050 0 0 _aDT449.K4
_bD8
100 1 _aDundas, Charles,
_cSir
_d1884-1956.
_918711
245 1 0 _aKilimanjaro and its people;
_ba history of the Wachagga, their laws, customs and legends, together with some account of the highest mountain in Africa.
260 _aLondon,
_bH. F. & G. Witherby,
_c1924.
300 _a349 p.
_bplates, fold. map.
_c23 cm.
650 0 _aChaga (African people)
_917089
651 0 _aKilimanjaro, Mount (Tanzania)
_918712
906 _a7
_bcbc
_coclcrpl
_du
_encip
_f19
_gy-gencatlg
942 _2lcc
_cMONOGRAPH
999 _c123086
_d123086